Stagioni consecutive con almeno una Pole position in Formula 1 - Statistics

Statistiche generali
  • Questo quiz è stato fatto 104 volte
  • Il punteggio medio è 9 su 10
Statistiche sulle risposte
Nazione Stagioni consecutive con pole position Prima stagione con pole position Ultima stagione con pole position Pilota % Corretto
Regno Unito 15 2007 2021 Lewis Hamilton
100%
Brasile 10 1985 1994 Ayrton Senna
99%
Germania 13 1994 2006 Michael Schumacher
99%
Germania 6 2008 2013 Sebastian Vettel
98%
Francia 6 1981 1986 Alain Prost
92%
Finlandia 6 2003 2008 Kimi Räikkönen
90%
Argentina 6 1953 1958 Juan Manuel Fangio
85%
Brasile 8 1980 1987 Nelson Piquet
83%
Regno Unito 7 1962 1968 Jim Clark
66%
Regno Unito 7 1955 1961 Stirling Moss
56%
Nessun quiz corrispondente trovato
Distribuzione punteggi
Percentuale di utenti per punteggio
Percentile per numero di risposta
I tuoi punteggi nel tempo
Non hai fatto questo quiz